000 00726nam a22002297a 4500
003 OSt
005 20250408165215.0
008 241008b |||||||| |||| 00| 0 eng d
020 _a9788498721805
037 _bDonación
040 _aCO-JMCR
_bspa
_cCO-JMCR
_dCO-JMCR
_erda
041 1 _aspa
_heng
082 0 4 _aA-N
_bKATp
_223
100 1 _aKatzenbach, John,
_d1950-
_eautor
_943874
245 1 3 _aEl psicoanalista /
_cJohn Katzenbach ; traducción de Laura Paredes.
260 _aBarcelona :
_bEdiciones B,
_c2009.
300 _a523 páginas ;
_c20 cm.
500 _a18.ª reimpresión: julio de 2016
534 _pTítulo original. :
_tThe analyst.
700 1 _aParedes, Laura,
_etraductora
_97380
942 _2ddc
_cBK
999 _c30845
_d17229